000 00935cam a22002535a 4500
001 E148349
008 090908s2009 xxka f 000 0 eng u
020 _a9781848061026
035 _a(Sirsi) u148349
041 0 _aeng
050 0 4 _a628.24 $2 18
100 1 _aTrotman, Peter
245 _aGravity drainage systems for buildings
260 _aWatford
_bIHS BRE
_c2009
300 _a12p.
_bill.
_c30cm.
490 0 _aBRE Good Building Guide
_vGBG 76
520 _aDiscusses above-ground drainage systems in houses, office buildings and public buildings. Looks at performance requirements of such systems, the types of systems available, installation, maintenance and inspection.
521 _aAdvanced
590 _aKA
651 4 _aUnited Kingdom
_y
690 _aBUILT ENVIRONMENT-BUILDING ELEMENTS-COMPLETE BUILDING SERVICES ELEMENTS-COMPLETE WASTE REMOVAL AND DISPOSAL SYSTEMS
700 1 _aGriggs, John
942 _n0
999 _c110014
_d110014